Estatísticas de Cuiabá e Várzea Grande / (Record no. 1510)
[ view plain ]
| 000 -LÍDER | |
|---|---|
| Campo Fixo de Controle | 01035nam a2200277 a 4500 |
| 001 - NÚMERO DE CONTROLE | |
| Campo de Controle | 1510 |
| 003 - IDENTIFICAÇÃO DO NÚMERO DE CONTROLE | |
| Campo de Controle | BR-CuiBMT |
| 005 - DATA E HORA DA ÚLTIMA ATUALIZAÇÃO | |
| Campo de Controle | 20231213132130.0 |
| 008 - DADOS FIXOS | |
| Dados Fixos | 231213s2008 mtba 000 0 por d |
| 040 ## - AGÊNCIA CATALOGADORA | |
| Código da Agência Catalogadora | BR-CuiBMT |
| Agência que transcreveu o registro | BR-CuiBMT |
| 080 ## - Nº DA CLASSIFICAÇÃO DECIMAL UNIVERSAL | |
| Nº Class. CDU | 311.314 |
| Subd. Auxiliar Comum | (817.2) |
| Nº edição CDU | 2007 |
| 090 ## - NÚMERO DE CHAMADA | |
| Nº classificação | 311.314(817.2) |
| Cutter | E79 |
| 245 00 - TÍTULO PRINCIPAL | |
| Título principal | Estatísticas de Cuiabá e Várzea Grande / |
| Indicação de responsabilidade | Assembléia Legislativa de Mato Grosso ; COOTRADE (org.). |
| 260 ## - PUBLICAÇÃO, DISTRIBUIÇÃO, ETC. | |
| Local de publicação | Cuiabá : |
| Editora | Gráfica Print ; |
| Data | 2008. |
| 300 ## - DESCRIÇÃO FÍSICA | |
| N. páginas ou volumes | 403 p. : |
| Ilustrações | il. ; |
| Dimensões | 30 cm |
| 650 ## - ASSUNTO TÓPICO | |
| Cabeçalho tópico ou nome geográfico | Cuiabá |
| Subdivisão geral | Estatísticas |
| -- | Educação |
| 650 ## - ASSUNTO TÓPICO | |
| Cabeçalho tópico ou nome geográfico | Cuiabá |
| Subdivisão geral | Estatísticas |
| -- | Segurança |
| 650 ## - ASSUNTO TÓPICO | |
| Cabeçalho tópico ou nome geográfico | Cuiabá |
| Subdivisão geral | Estatísticas |
| -- | Sáude |
| 650 ## - ASSUNTO TÓPICO | |
| Cabeçalho tópico ou nome geográfico | Cuiabá |
| Subdivisão geral | Estatísticas |
| -- | Pleito municipal |
| 650 ## - ASSUNTO TÓPICO | |
| Cabeçalho tópico ou nome geográfico | Várzea Grande |
| Subdivisão geral | Estatística |
| -- | Educação |
| 650 ## - ASSUNTO TÓPICO | |
| Cabeçalho tópico ou nome geográfico | Várzea Grande |
| Subdivisão geral | Estatística |
| -- | Segurança |
| 650 ## - ASSUNTO TÓPICO | |
| Cabeçalho tópico ou nome geográfico | Várzea Grande |
| Subdivisão geral | Estatística |
| -- | Sáude |
| 650 ## - ASSUNTO TÓPICO | |
| Cabeçalho tópico ou nome geográfico | Várzea Grande |
| Subdivisão geral | Estatística |
| -- | Pleito municipal |
| 710 2# - ENTRADA SECUNDÁRIA -- ENTIDADE | |
| Nome da entidade ou lugar | Mato Grosso. |
| Unidade subordinada | Assembléia Legislativa do Estado de Mato Grosso. |
| 942 ## - ELEMENTOS DE ENTRADA ADICIONAIS (KOHA) | |
| Fonte de classificação ou esquema de arquivamento | Classificação Decimal Universal |
| Tipo de item do Koha | Livros |
| Estado: removido | Estado: perdido | Fonte de classificação ou esquema de arquivamento | Estado: danificado | Indisponível para empréstimo | Localização permanente | Localização atual | Data de aquisição | Total Checkouts | Número de Chamada completo | Código de barras | Date last seen | Número do exemplar | Preço efetivo a partir de | Tipo de item (Koha) |
|---|---|---|---|---|---|---|---|---|---|---|---|---|---|---|
| Classificação Decimal Universal | Biblioteca da Escola Superior de Contas do TCE/MT | Biblioteca da Escola Superior de Contas do TCE/MT | 13/12/2023 | 311.314(817.2) E79 | BIBTCEMT23120434 | 13/12/2023 | Ex. 1 | 13/12/2023 | Livros | |||||
| Classificação Decimal Universal | Biblioteca da Escola Superior de Contas do TCE/MT | Biblioteca da Escola Superior de Contas do TCE/MT | 13/12/2023 | 311.314(817.2) E79 | BIBTCEMT23120503 | 14/12/2023 | Ex. 2 | 13/12/2023 | Livros |